English Words of Turkic Origin - Statistics

General Stats
  • This quiz has been taken 128 times
  • The average score is 4 of 8
Answer Stats
Definition Word % Correct
Layered pastry dessert made of filo pastry, filled with chopped nuts, and sweetened with syrup or honey. Baklava
76%
Semi-solid food prepared from milk fermented by added bacteria, often sweetened and flavoured. Yogurt
67%
Large extinct elephant of the Pleistocene epoch, typically hairy with a sloping back and long curved tusks. Mammoth
64%
Circular tent of felt or skins on a collapsible framework, used by nomads in Mongolia, Siberia, and Turkey. Yurt
58%
Small open-fronted hut or cubicle from which newspapers, refreshments, tickets, etc. are sold. Kiosk
47%
Swampy coniferous forest of high northern latitudes, especially that between the tundra and steppes of Siberia. Taiga
45%
Title given to rulers and officials in central Asia, Afghanistan, and certain other Muslim countries. Khan
42%
Member of the elite infantry units that formed the Ottoman Sultan's household troops and the first modern standing army in Europe. Janissary
34%
No matching quizzes found
Score Distribution
Percent of People with Each Score
Percentile by Number Answered
Your Score History
You have not taken this quiz